02255nam a2200241Ia 45000010005000000080041000050100009000460410014000550820014000692450184000832600013002673000008002805200007002886300028002956300026003236300039003496500016003887000030004047000031004347000039004657000047005045201462005512283241029s9999 xx 000 0 und d a2143 aEspañol aTS-00463  0aLos Medios Tecnológicos y su Influencia en el Proceso Enseñanza-Aprendizaje en Centros Escolares del Nivel Medio del Distrito Educativo 02-02 de Pedro Santana, Año 2002-2007 aSan Juan a127 a17 aEnseñanza-Aprendizaje aMedios Tecnológicos aProceso de Enseñanza-Aprendizaje aEnseñanza easesoraPaulino , Laura  eautoraContreras, Máximo eautoraUrbáez Contreras, Jesús easesoraZabala Moreta , Rubén Guillermo  aEl presente estudio, trató sobre los Medios Tecnológicos y su Influencia en el Proceso Enseñanza-Aprendizaje en los Centros Escolares del Nivel Medio del Distrito Educativo 02-02 de Pedro Santana y Bánica. La investigación, fue de tipo analítica-descriptiva. Los resultados, ponen de manifiesto, que los alumnos no dominan los medios tecnológicos.De igual manera, se pudo comprobar las deficiencias de los laboratorios en relación a equipos informáticos no adecuados. Así mismo, los profesores que imparten el área de informática no poseen la formación para desempañar esas funciones; por lo que sus conocimientos no son suficientes para impartir la docencia con la metodología adecuada, tal como lo requiere el currículo con relación al área de tecnología, la falta de capacitación y la carencia de la implementación tecnológica en laboratorio donde se puede llevar a la práctica la teoría impartida. Así mismo, mediante el estudio, se determinó que los estudiantes egresados de los centros escolares del Nivel Medio del Distrito Educativo 02-02 de Pedro Santana, están en desventaja en el uso y manejo de medios tecnológicos al socializar sus conocimientos con estudiantes de otros Distritos Educativos. Los padres/madres de los estudiantes en su gran mayoría, son de escasos recursos económicos, lo que impide brindarles apoyo a sus hijos para que asistan a los CTC de Bánica y Pedro Santana.